LEADER 02835oam 2200577 450 001 9910708076303321 005 20170314123040.0 035 $a(CKB)5470000002469813 035 $a(OCoLC)889715998 035 $a(EXLCZ)995470000002469813 100 $a20140901d1992 ua 0 101 0 $aeng 135 $aurn|||||||||| 181 $ctxt$2rdacontent 182 $cc$2rdamedia 183 $acr$2rdacarrier 200 10$aGuide to the development and application of geographic information systems for sedimentary basin analysis $ecase study for the San Juan Basin, New Mexico and Colorado /$fby Betty M. Miller 210 1$aWashington, D.C. :$cUnited States Government Printing Office,$d1992. 215 $a1 online resource (iv, 37 pages) $cillustrations (some color), maps (some color) 225 1 $aU.S. Geological Survey bulletin ;$v2025 300 $aTitle from title screen (viewed August 25, 2014). 300 $aTitle on p. [4] of cover: Geographic information systems for sedimentary basin analysis, San Juan Basin. 300 $aAlso available online in PDF format from the U.S. Geological Survey Warehouse (http://pubs.er.usgs.gov/). 300 $a"An evaluation of the feasibility of applying geographic information systems technology to the development of a prototype computer-based system that provides the framework for three-dimentional analysis of sedimentary basins. The San Juan Basin, New Mexico and Colorado, is used as the pilot study for the development of a geographic information system data base." 320 $aIncludes bibliographical references (pages 30-33). 517 $aGuide to the development and application of geographic information systems for sedimentary basin analysis 606 $aGeographic information systems 606 $aGeological modeling 606 $aSedimentary basins$zSan Juan Basin (N.M. and Colo.)$xData processing$vCase studies 606 $aGeographic information systems$2fast 606 $aGeological modeling$2fast 606 $aSedimentary basins$xData processing$2fast 607 $aSan Juan Basin (N.M. and Colo.) 607 $aUnited States$zSan Juan Basin$2fast 608 $aCase studies.$2fast 615 0$aGeographic information systems. 615 0$aGeological modeling. 615 0$aSedimentary basins$xData processing 615 7$aGeographic information systems. 615 7$aGeological modeling. 615 7$aSedimentary basins$xData processing. 700 $aMiller$b Betty M.$01388937 712 02$aGeological Survey (U.S.), 801 0$bCOP 801 1$bCOP 801 2$bOCLCO 801 2$bOCLCF 906 $aBOOK 912 $a9910708076303321 996 $aGuide to the development and application of geographic information systems for sedimentary basin analysis$93440935 997 $aUNINA